<?xml version="1.0" encoding="UTF-8"?>
<record
    xmlns:xsi="http://www.w3.org/2001/XMLSchema-instance"
    xsi:schemaLocation="http://www.loc.gov/MARC21/slim http://www.loc.gov/standards/marcxml/schema/MARC21slim.xsd"
    xmlns="http://www.loc.gov/MARC21/slim">

  <leader>00589nam a22001937a 4500</leader>
  <controlfield tag="003">BDDh-ASL</controlfield>
  <controlfield tag="005">20231015031014.0</controlfield>
  <controlfield tag="008">220918n        ii ||||| |||| 00| 0 urd d</controlfield>
  <datafield tag="040" ind1=" " ind2=" ">
    <subfield code="a">BDDh-ASL</subfield>
    <subfield code="c">BDDh-ASL</subfield>
  </datafield>
  <datafield tag="041" ind1=" " ind2=" ">
    <subfield code="a">urd</subfield>
  </datafield>
  <datafield tag="082" ind1=" " ind2=" ">
    <subfield code="a">297</subfield>
    <subfield code="b">DAM</subfield>
  </datafield>
  <datafield tag="100" ind1="1" ind2=" ">
    <subfield code="9">6513</subfield>
    <subfield code="a">Daryabadi, Abdul Majid </subfield>
  </datafield>
  <datafield tag="245" ind1="1" ind2="0">
    <subfield code="a">Munajat-e Maqbul : / &#x645;&#x646;&#x627;&#x62C;&#x627;&#x62A; &#x645;&#x642;&#x628;&#x648;&#x644; </subfield>
  </datafield>
  <datafield tag="246" ind1=" " ind2=" ">
    <subfield code="a">Mashahire Ahle Ilm Ki Muhsin Kitebein : / &#x645;&#x634;&#x627;&#x6C1;&#x64A;&#x631; &#x627;&#x6C1;&#x644; &#x639;&#x644;&#x645; &#x6A9;&#x6CC; &#x645;&#x62D;&#x633;&#x646; &#x6A9;&#x62A;&#x627;&#x628;&#x64A;&#x6BA; </subfield>
  </datafield>
  <datafield tag="260" ind1=" " ind2=" ">
    <subfield code="a">Lucknow : </subfield>
    <subfield code="b">Nami Press , </subfield>
  </datafield>
  <datafield tag="300" ind1=" " ind2=" ">
    <subfield code="a">166 p. : </subfield>
    <subfield code="c">19 cm. </subfield>
  </datafield>
  <datafield tag="650" ind1=" " ind2="0">
    <subfield code="9">1652</subfield>
    <subfield code="a">Islam </subfield>
  </datafield>
  <datafield tag="942" ind1=" " ind2=" ">
    <subfield code="2">ddc</subfield>
    <subfield code="c">BK</subfield>
  </datafield>
  <datafield tag="952" ind1=" " ind2=" ">
    <subfield code="0">0</subfield>
    <subfield code="1">0</subfield>
    <subfield code="2">ddc</subfield>
    <subfield code="4">0</subfield>
    <subfield code="7">1</subfield>
    <subfield code="8">NFIC</subfield>
    <subfield code="a">ASL</subfield>
    <subfield code="b">ASL</subfield>
    <subfield code="c">GEN</subfield>
    <subfield code="d">2022-09-18</subfield>
    <subfield code="e">ASB Collections</subfield>
    <subfield code="h">U-0827-A</subfield>
    <subfield code="l">0</subfield>
    <subfield code="o">297 DAM</subfield>
    <subfield code="p">117390</subfield>
    <subfield code="r">2022-09-18 00:00:00</subfield>
    <subfield code="t">C-1</subfield>
    <subfield code="w">2022-09-18</subfield>
    <subfield code="y">BK</subfield>
    <subfield code="z">Y-0000</subfield>
  </datafield>
  <datafield tag="999" ind1=" " ind2=" ">
    <subfield code="c">29199</subfield>
    <subfield code="d">29199</subfield>
  </datafield>
</record>
